Essentials of banking / (Record no. 9075)
[ view plain ]
| 000 -LEADER | |
|---|---|
| fixed length control field | 00705cam a22002292 4500 |
| 001 - CONTROL NUMBER | |
| control field | 0000019792 |
| 005 - DATE AND TIME OF LATEST TRANSACTION | |
| control field | 20151217152201.0 |
| 008 - FIXED-LENGTH DATA ELEMENTS--GENERAL INFORMATION | |
| fixed length control field | 110209s xx 000 0 eng d |
| 020 ## - INTERNATIONAL STANDARD BOOK NUMBER | |
| International Standard Book Number | 0470170885 : |
| 040 ## - CATALOGING SOURCE | |
| Original cataloging agency | KABU |
| Transcribing agency | KABU |
| 100 1# - MAIN ENTRY--PERSONAL NAME | |
| Personal name | Dilley, Deborah K. |
| -- | 0000179763 |
| 245 10 - TITLE STATEMENT | |
| Title | Essentials of banking / |
| Statement of responsibility, etc. | Deborah K. Dilley. |
| 250 ## - EDITION STATEMENT | |
| Edition statement | 1st ed. |
| 260 ## - PUBLICATION, DISTRIBUTION, ETC. (IMPRINT) | |
| Place of publication, distribution, etc. | New Jersey : |
| Name of publisher, distributor, etc. | John wiley & sons, |
| Date of publication, distribution, etc. | 2008. |
| 300 ## - PHYSICAL DESCRIPTION | |
| Extent | xiv, 273 p. |
| 650 #0 - SUBJECT ADDED ENTRY--TOPICAL TERM | |
| Topical term or geographic name as entry element | Banks and banking |
| Geographic subdivision | United States. |
| -- | 0000152466 |
| 650 #0 - SUBJECT ADDED ENTRY--TOPICAL TERM | |
| Topical term or geographic name as entry element | Banking law |
| Geographic subdivision | United States. |
| -- | 0000179764 |
| 700 1# - ADDED ENTRY--PERSONAL NAME | |
| Personal name | Dilley, Deborah K. |
| -- | 0000179763 |
| 852 1# - LOCATION | |
| -- | p3596 KES |
| 908 ## - PUT COMMAND PARAMETER (RLIN) | |
| Put command parameter | 110209 |
| 950 ## - LOCAL HOLDINGS (RLIN) | |
| -- | 1 |
| Withdrawn status | Lost status | Source of classification or shelving scheme | Not for loan | Home library | Current library | Date acquired | Total Checkouts | Full call number | Barcode | Date last seen | Date last checked out | Price effective from | Koha item type |
|---|---|---|---|---|---|---|---|---|---|---|---|---|---|
| Library of Congress Classification | Kabarak, Main Campus | Kabarak, Main Campus | 17/12/2015 | 1 | HG2491 .D55 2008 c.1 | 22618 | 22/05/2019 | 15/05/2019 | 17/12/2015 | General Collection |